| 000 | 01247nam2a22002411 4500 | ||
|---|---|---|---|
| 001 | v19\rc\1214358 | ||
| 005 | 20250617221502.0 | ||
| 035 | _a(NLR Aleph) 004377581 | ||
| 090 |
_a3582723 _c3582723 |
||
| 100 | _a20060306d1871 |||y0rusy50 ca | ||
| 101 | 0 | _arus | |
| 102 | _aRU | ||
| 105 | _ay z ||||| | ||
| 200 | 0 | _a... 28 ноября 1871 г. | |
| 210 |
_dценз. 1871 _aБ. м. |
||
| 215 | _a[2] с. | ||
| 461 | 0 |
_1001v19\rc\1214356 _12001#$aИменной список г.г. акционеров Общества Либавской железной дороги, представивших акции для присутствования в общем собрании...$v... 28 ноября 1871 г.$90 _93582700 _aЛибавская железная дорога _c[Санкт-Петербург] _dценз. 1871 _tИменной список г.г. акционеров Общества Либавской железной дороги, представивших акции для присутствования в общем собрании... _v... 28 ноября 1871 г.$90 |
|
| 801 | 0 |
_aRU _bNLR _gpsbo |
|
| 801 | 1 |
_aRU _bProSoft-M _2rusmarc |
|
| 852 |
_aNLR _j18.123.1.333 |
||
| 852 |
_aNLR _j18.112.1.416 |
||
| 942 | _cBOOK | ||
| 980 | _aNB | ||